[Event "80e Noteboomtoernooi Open 2020"]
[Site "Leiden"]
[Date "2020.02.29"]
[Round "3.4"]
[White "Ercan, Selman"]
[Black "Lombaers, Peter"]
[Result "0-1"]
[WhiteElo "2094"]
[BlackElo "2383"]
[Annotator "TA"]
[PlyCount "60"]
[EventDate "2020.02.28"]
[EventType "swiss"]
[EventCountry "NED"]
[SourceTitle "playchess.com"]
[Source "ChessBase"]
[SourceQuality "1"]

{[%evp 16,60,36,29,41,35,35,39,57,25,53,-28,-11,-14,-6,0,0,0,0,-39,-91,-148,-127,-229,-220,-343,-347,-329,-345,-335,-333,-755,-712,-707,-611,-1290,-1283,-1264,-1124,-29985,-29985,-29995,-29987,-29997,-29998,-29998,-29999]} 1. d4 Nf6 2. c4 g6 3. f3 d5 4. cxd5 Nxd5 5. e4 Nb6 6. Nc3 Bg7 7. Be3 O-O 8. Qd2 Nc6 9. O-O-O Qd6 {D70: Grünfeld: Unusual White 3rd moves (met by ...d5).} 10. Nb5 Qd7 11. Kb1 a6 {White is slightly better.} 12. Na3 Rd8 {[%cal Rc6d4]} 13. d5 (13. Nc2 $14) 13... Qe8 $11 {[#]} 14. Qe1 $146 ({Predecessor:} 14. Ne2 e6 15. Bg5 f6 16. Bf4 Qf7 17. Nc3 exd5 18. exd5 Nb4 19. d6 Be6 20. b3 {0-1 (34) Siebrecht,S (2464)-Wagner,D (2484) Verden/Aller 2014}) 14... Na4 15. dxc6 {aiming for Rxd8.} Bxb2 {Hoping for ...Rxd1+.} 16. Rxd8 Qxd8 17. Nc4 Bc3 {[%mdl 1024] Black has compensation.} 18. Bd2 ({White should try} 18. Qe2 b5 19. Qd3 Qxd3+ 20. Bxd3 bxc4 21. Bxc4) 18... Bg7 $17 19. Kc2 (19. Qe3 $17 {might work better.} b5 20. Na5) 19... Be6 $19 {...b5 is the strong threat.} 20. Qe3 (20. cxb7 {is a better defense.} Rb8 21. Bc1 (21. Qb1 $2 Qd7 $19)) 20... b5 21. Na5 {[#]} Qd6 $1 ({Worse is} 21... Bxa2 22. Bb4 $11) 22. Ne2 Rd8 ({Not} 22... Bxa2 23. Nc3 $17) 23. Nc1 $2 (23. a3 Bb2 24. Nf4) 23... Bd4 24. Qd3 Nb2 25. Qe2 Qc5+ 26. Kb1 Qa3 {Threatens to win with ...Na4.} 27. Ncb3 Na4 {[%csl Ga4,Gd4][%cal Ra3b2] Black mates.} 28. Be1 Be5 29. Qc2 {[#]} Rd1+ $1 {[%mdl 576] Double Attack} 30. Nc1 {[#]} (30. Qxd1 Qb2#) 30... Bxa2+ $1 {[%mdl 576] Remove Defender, Back Rank. White did not feel at home in the position after the opening. Accuracy: White = 39%, Black = 100%.} 0-1

[Event "80e Noteboomtoernooi Open 2020"]
[Site "Leiden"]
[Date "2020.02.29"]
[Round "4.1"]
[White "Pijpers, Arthur"]
[Black "Kuzubov, Yuriy"]
[Result "1/2-1/2"]
[WhiteElo "2470"]
[BlackElo "2644"]
[Annotator "TA"]
[PlyCount "35"]
[EventDate "2020.02.28"]
[EventType "swiss"]
[EventCountry "NED"]
[SourceTitle "playchess.com"]
[Source "ChessBase"]
[SourceQuality "1"]

{[%evp 22,25,50,28,64,64]} 1. e4 e5 2. Nf3 Nf6 3. Nxe5 d6 4. Nf3 Nxe4 5. d4 d5 6. Bd3 Be7 7. O-O Bf5 8. Re1 Nc6 9. Nbd2 Nxd2 10. Qxd2 Bxd3 11. Qxd3 O-O 12. Bf4 a6 {C42: Petroff Defence: 3 Nxe5 and unusual White 3rd moves.} 13. Re2 {[#]} {Predecessor:} Qd7 $146 14. Rae1 Rae8 15. c3 Bd8 16. Rxe8 Rxe8 17. Rxe8+ Qxe8 18. Qf5 {½-½ (18) Ljubojevic,L (2605)-Petrosian,T (2585) Tilburg 1981} 1/2-1/2

[Event "80e Noteboomtoernooi Open 2020"]
[Site "Leiden"]
[Date "2020.02.29"]
[Round "4.2"]
[White "Solodovnichenko, Yuri"]
[Black "Albers, Sasa"]
[Result "1-0"]
[WhiteElo "2567"]
[BlackElo "2114"]
[Annotator "TA"]
[PlyCount "47"]
[EventDate "2020.02.28"]
[EventType "swiss"]
[EventCountry "NED"]
[SourceTitle "playchess.com"]
[Source "ChessBase"]
[SourceQuality "1"]

{[%evp 11,47,5,26,26,28,15,13,9,8,0,31,24,30,31,41,33,57,62,59,44,57,59,95,91,84,83,88,83,107,110,127,107,183,127,232,228,430,435]} 1. e4 c6 2. Nf3 d5 3. Nc3 Bg4 4. h3 Bxf3 5. Qxf3 e6 6. d4 dxe4 7. Qxe4 {7.Nxe4 is the modern continuation. B11: Caro-Kann: Two Knights Variation.} Nf6 8. Qd3 Be7 9. Be2 {The position is equal.} O-O 10. O-O Na6 {[%cal Bb8a6,Ba6c7,Bc7d5][%mdl 32]} 11. a3 {[#]} Nc7 $146 ({Predecessor:} 11... c5 12. Be3 Rc8 13. dxc5 Qxd3 14. Bxd3 Nxc5 15. Be2 a6 16. Rfd1 b5 17. Bf3 h6 {0-1 (59) Mons,L (2462)-Rozentalis,E (2553) Austria 2015}) 12. Bf3 Ncd5 13. Ne2 $36 {[%mdl 2048] White has some pressure.} Qd7 14. c4 Nb6 15. Rd1 Rfd8 16. Bf4 Qe8 17. Qb3 Rd7 18. a4 {[%cal Ba3a4,Ba4a5][%mdl 32]} Nc8 19. a5 {[#] a6 is the strong threat.} a6 20. Nc3 Qd8 21. Be5 Ne8 (21... Bd6 $16 {was necessary.}) 22. Na4 ({White should try} 22. d5 $18 exd5 23. cxd5) 22... f6 (22... Bd6 $16 23. g3 h6) 23. Bg3 $18 {Black must now prevent d5.} g6 $2 {[#]} (23... Bd6 {is a better defense.} 24. Bxd6 Ncxd6) 24. d5 {Accuracy: White = 95%, Black = 59%.} 1-0

[Event "80e Noteboomtoernooi Open 2020"]
[Site "Leiden"]
[Date "2020.02.29"]
[Round "4.3"]
[White "Van der Werf, Mark"]
[Black "Ratsma, Midas"]
[Result "1-0"]
[WhiteElo "2382"]
[BlackElo "2253"]
[Annotator "TA"]
[PlyCount "87"]
[EventDate "2020.02.28"]
[EventType "swiss"]
[EventCountry "NED"]
[SourceTitle "playchess.com"]
[Source "ChessBase"]
[SourceQuality "1"]

{[%evp 18,87,9,-2,80,9,25,28,39,49,60,73,65,66,41,54,70,75,101,39,45,38,44,43,130,73,87,88,88,115,136,114,116,99,114,100,204,197,242,235,235,231,237,237,250,247,297,245,247,229,250,242,275,218,245,215,269,265,248,246,259,244,494,491,479,473,657,644,626,618,2617,2658]} 1. d4 d5 2. c4 e6 3. Nc3 c6 4. e3 Nf6 5. Nf3 Nbd7 6. Bd3 dxc4 7. Bxc4 b5 8. Bd3 Bd6 9. a3 O-O 10. O-O e5 {[#] D47: Semi-Slav: Meran System.} (10... Bb7 $11 {remains equal.}) 11. Bd2 $146 ({Better is} 11. Ne4 $1 $16 {[%cal Re4d6]} Nxe4 12. Bxe4) ({Predecessor:} 11. Ne4 Nxe4 12. Bxe4 Bb7 13. dxe5 Nxe5 14. Nxe5 Bxe5 15. Bxh7+ Kxh7 16. Qh5+ Kg8 17. Qxe5 Qd5 18. Qxd5 cxd5 {1-0 (77) Malakhatko,V (2507)-Rajdeep,S (2298) Mumbai 2017}) 11... exd4 12. exd4 a6 {White has an edge.} 13. Ne4 Nxe4 14. Bxe4 Bb7 15. Rc1 Rc8 16. Qc2 Nf6 17. Bf5 Rb8 18. b4 (18. Rfe1 $16) 18... Re8 $14 19. Bg5 h6 20. Bh4 a5 {[#]} ({Black should try} 20... Ra8 $14) 21. bxa5 (21. Ne5 $142 $1 {[%mdl 512]}) 21... Bxa3 22. Ra1 Be7 23. a6 {[%cal Ba5a6,Ba6a7][%mdl 32]} Ba8 24. Bg3 Bd6 25. a7 Rb7 26. Ne5 $36 {[%mdl 2048] White has strong initiative.} c5 (26... Qb6 $16) 27. Nc6 $18 Qc7 28. Bxd6 Qxd6 29. Qxc5 Qxc5 30. dxc5 g6 31. Bd3 Rc8 32. Ra6 Kg7 33. Rb1 Nd5 34. f3 ({Weaker is} 34. Rxb5 Rxb5 35. Bxb5 Nc3 $11) 34... Rbc7 35. Nb4 ({Not} 35. Bxb5 Nc3 $11) (35. Rxb5 Rxc6 36. Rxc6 Bxc6 $11) 35... Nc3 36. Re1 {Black must now prevent c6.} Rxc5 37. Re7 Kf8 38. Rd7 {aiming for Rf6.} Ke8 39. Rdd6 Rd8 $2 (39... Na4 {keeps fighting.} 40. Kf2 Nb2) 40. Rxd8+ {White is clearly winning.} Kxd8 41. Rb6 Rc7 42. Rb8+ Rc8 43. h4 g5 44. Bf5 {[%mdl 64] Pin. Accuracy: White = 80%, Black = 50%.} 1-0

[Event "80e Noteboomtoernooi Open 2020"]
[Site "Leiden"]
[Date "2020.02.29"]
[Round "4.4"]
[White "Boekelman, Jan"]
[Black "Van Ketel, Raoul"]
[Result "0-1"]
[WhiteElo "2119"]
[BlackElo "2224"]
[Annotator "TA"]
[PlyCount "56"]
[EventDate "2020.02.28"]
[EventType "swiss"]
[EventCountry "NED"]
[SourceTitle "playchess.com"]
[Source "ChessBase"]
[SourceQuality "1"]

{[%evp 11,56,16,26,0,0,0,6,0,37,0,18,10,-11,-11,-11,-94,-68,-84,-87,-107,-102,-101,-95,-125,-66,-139,-102,-222,-181,-237,-248,-314,-313,-308,-312,-313,-320,-329,-335,-337,-345,-585,-595,-576,-576,-758,-741]} 1. d4 e6 2. c4 Nf6 3. Nf3 b6 4. g3 Ba6 5. Qc2 Bb7 6. Bg2 c5 7. d5 {E15: Queen's Indian: 4 g3 sidelines, 4 g3 Ba6 and 4 g3 Bb7 early deviations.} exd5 8. cxd5 Nxd5 9. O-O {Hoping for Ng5.The position is equal.} Be7 10. Rd1 {[%mdl 1024] White has compensation.} Nc6 11. a3 ({Don't go for} 11. Rxd5 $2 Nb4 $17) 11... Nc7 12. Nc3 O-O {[#]} 13. Qd3 $146 {[#]} (13. Bf4 $11 {keeps the balance.}) ({Predecessor:} 13. Bf4 Re8 14. Rd2 Ne6 15. Rad1 Nxf4 16. gxf4 d6 17. Ne4 Qd7 18. Nxd6 Bxd6 19. Rxd6 {1-0 (48) Goganov,A (2565)-Bocharov,I (2571) Khanty-Mansiysk 2019}) 13... d5 $1 $17 {[%mdl 512]} 14. Nxd5 Nxd5 15. Qxd5 Qxd5 16. Rxd5 {Rd7 is the strong threat.} Bf6 17. Rd7 Na5 ({Black should play} 17... Rfd8 $17 18. Rxd8+ (18. Rxb7 Rd1+ 19. Bf1 Na5 $17) 18... Rxd8) 18. Bd2 ({Better is} 18. Rb1 $15) 18... Bc6 ({Weaker is} 18... Bxb2 19. Rb1 $11) 19. Rc7 {[#]} (19. Rd6 $17 {is a better defense.} Be7 20. Rd3) 19... Nb3 $1 $19 {aiming for ...Bxf3.} 20. Rxc6 (20. Re1 {was called for.} Bxf3 21. Bxf3 Nxd2 22. Bxa8 Rxa8 23. Rd1) 20... Nxa1 21. Rxf6 gxf6 22. Bc3 Rad8 23. Bh3 Nb3 24. e3 Rd6 25. Nh4 Rfd8 26. Kg2 $2 (26. Nf5 Re6 27. Nh6+ Kg7 28. Bxe6 fxe6 29. Ng4) 26... b5 {[%cal Bb6b5,Bb5b4][%mdl 32] Black is clearly winning.} 27. Nf5 Rb6 28. e4 b4 {Black took control after the opening. Accuracy: White = 44%, Black = 85%.} 0-1

[Event "80e Noteboomtoernooi Open 2020"]
[Site "Leiden"]
[Date "2020.03.01"]
[Round "5.1"]
[White "Kuzubov, Yuriy"]
[Black "Van der Werf, Mark"]
[Result "0-1"]
[WhiteElo "2644"]
[BlackElo "2382"]
[Annotator "TA"]
[PlyCount "118"]
[EventDate "2020.02.28"]
[EventType "swiss"]
[EventCountry "NED"]
[SourceTitle "playchess.com"]
[Source "ChessBase"]
[SourceQuality "1"]

{[%evp 21,118,9,22,16,16,10,6,0,-4,-22,-23,-16,45,43,63,51,50,47,45,41,41,43,82,82,83,83,90,88,102,102,105,83,103,102,145,140,147,139,150,116,105,99,102,24,27,19,29,16,24,22,69,34,38,40,41,36,36,42,53,28,55,50,56,50,41,39,100,110,104,98,110,7,10,0,0,0,0,0,0,0,0,0,8,0,0,-8,-8,-29987,-29988,-29988,-90,-72,0,-29988,-29989,-29996,-29997,-29997,-29998]} 1. Nf3 Nf6 2. c4 e6 3. g3 d5 4. Bg2 Be7 5. d4 O-O 6. Nc3 dxc4 7. Ne5 Nc6 8. Bxc6 bxc6 9. Nxc6 Qe8 10. Nxe7+ Qxe7 11. Qa4 c5 12. dxc5 {12.dxc5 is better than 12.Qxc4. E06: Closed Catalan: Early deviations.} Qxc5 13. Be3 Qc7 14. O-O-O {The position is equal.} Bb7 15. f3 Nd5 16. Bd4 {[#]} Nb6 $146 (16... a5 $11) ({Predecessor:} 16... Rfd8 17. Kb1 Nxc3+ 18. Bxc3 Qc5 19. Rxd8+ Rxd8 20. Rd1 Rxd1+ 21. Qxd1 Qd5 22. Qxd5 Bxd5 {½-½ (31) Navara,D (2717)-Karthikeyan,M (2606) Caleta 2020}) 17. Qa5 $14 Nd5 18. Qxc7 Nxc7 19. e4 Bc6 20. Bc5 Rfc8 21. Rd4 Nb5 22. Rxc4 Nxc3 23. Rxc3 f5 24. Re1 fxe4 25. fxe4 a5 26. b3 {[%cal Bb2b3,Bb3b4][%mdl 32]} a4 27. b4 Bb7 28. Kd2 Ba6 29. Ke3 Rd8 30. Bb6 Rd7 31. Bc7 Rf8 32. Rec1 (32. Rb1 $16) 32... g5 $11 33. g4 h5 34. h3 ({But not} 34. gxh5 $2 g4 $19) 34... hxg4 35. hxg4 Rff7 36. Be5 {Threatens to win with Rb1.} Rh7 $1 37. Bg3 Rh3 38. Kf3 Rd2 39. R1c2 Rd1 40. Kg2 Rhh1 41. Bf2 {Hoping for b5!} Rh7 42. Rc1 Rd2 43. R3c2 Rd3 ({Better is} 43... Rhd7 $14) 44. Rc6 $16 Bb7 45. Rxe6 Rd2 {[#] next ...Rf7 is good for Black.} 46. Kg1 (46. Rc5 $1 $16 {[%cal Rc5g5]} Kf7 47. Rce5) 46... Rf7 $11 47. Be3 Re2 48. Rc3 Rd7 {[%cal Rd7d1]} 49. Bf2 Bxe4 50. Rc1 $1 Rdd2 51. Re7 {White wants to mate with Rc8+.} Kf8 $132 {[%mdl 2048] Black is fighting back} 52. Ra7 {White threatens Rc8+ and mate.} Bc2 53. Bc5+ Ke8 {( -> ...Rg2+)} 54. Kf1 $2 {[%mdl 8192]} (54. Ra8+ $11 Kd7 55. Ra7+ Kc6 56. Kf1) 54... Bd3 55. Ra8+ Kd7 $2 (55... Kf7 {mates} 56. Rf8+ Kg6 57. Rg8+ Kh7 58. Re8 Rxe8+ {[%mdl 64] Discovered Attack} 59. Kg1 Re4 60. Bf2 Rxg4+ 61. Kh2 Rxf2+ 62. Kh3 Bf5 63. Rc5 Rfg2 64. Rc7+ {[#]} Kg8 $1 {[%mdl 512]} 65. Rc8+ Bxc8 66. b5 R4g3#) 56. Ra7+ $17 Ke8 $2 {[%mdl 8192]} (56... Kc8 $17 57. Bd6+ Kd8) 57. Ra8+ Kf7 {Black mates.} 58. Rd8 {[#]} Rf2+ $1 {[%mdl 512]} 59. Kg1 Rg2+ {[%mdl 64] Double Attack. Never resign too early! Accuracy: White = 79%, Black = 78%.} 0-1

[Event "80e Noteboomtoernooi Open 2020"]
[Site "Leiden"]
[Date "2020.03.01"]
[Round "5.2"]
[White "Lombaers, Peter"]
[Black "Schoppen, Casper"]
[Result "0-1"]
[WhiteElo "2383"]
[BlackElo "2489"]
[Annotator "TA"]
[PlyCount "110"]
[EventDate "2020.02.28"]
[EventType "swiss"]
[EventCountry "NED"]
[SourceTitle "playchess.com"]
[Source "ChessBase"]
[SourceQuality "1"]

{[%evp 10,110,1,0,0,0,0,4,0,13,8,0,16,13,15,0,8,0,0,0,35,29,27,-9,-11,-118,-41,-109,-102,-121,-120,-142,-131,-159,-114,-126,-127,-125,-122,-127,-133,-112,-117,-122,-122,-140,-129,-150,-133,-156,-129,-152,-115,-154,-159,-152,-148,-150,-152,-165,-171,-177,-168,-181,-138,-138,-138,-139,-139,-150,-119,-178,-156,-172,-110,-113,-62,-62,-69,-134,-100,-140,-137,-157,-165,-350,-347,-539,-539,-518,-520,-518,-510,-605,-576,-1307,-1399,-1261,-1260,-29976,-29977,-29979,-29979]} 1. d4 Nf6 2. c4 e6 3. Nc3 Bb4 4. f3 d5 5. a3 Be7 6. e4 dxe4 {E20: Nimzo-Indian: 4 g3 and 4 f3.} 7. fxe4 c5 8. d5 exd5 {The position is equal.} 9. exd5 O-O 10. Be2 Re8 11. Nf3 Bg4 12. O-O Nbd7 13. Bg5 h6 {Hoping for ...Bxf3.} 14. Bh4 Bd6 15. Qc2 Qb8 {[#]} 16. Kh1 $146 ({Predecessor:} 16. h3 Bh5 17. Bd3 Bxf3 18. Rxf3 g5 19. Bf2 Bf4 20. Ne4 Nxe4 21. Bxe4 Qd6 22. g3 {0-1 (45) Ragnarsson,J (1968)-Gower,S (2069) Akureyri 2019}) 16... Bh5 17. Nb5 {[#]} (17. Bd3 $11) 17... Bf4 (17... Bxh2 $1 $17 {[%mdl 512] Threatens to win with ...Bg3.} 18. Bd3 (18. Nxh2 Bxe2) 18... a6) 18. d6 (18. Bd3 $15) 18... Bxd6 $17 19. Nxd6 Qxd6 20. Rad1 Qc6 21. Rfe1 Bg6 22. Bd3 Bxd3 23. Qxd3 Rxe1+ 24. Rxe1 Re8 25. Rxe8+ Nxe8 26. Bg3 Qe6 27. b4 Nef6 28. Bf2 Ne4 29. Kg1 f5 30. h4 Kh7 31. Bxc5 Ndxc5 32. bxc5 Nxc5 33. Qd4 b6 34. Ne5 Qf6 35. Qf4 Ne6 36. Qg3 g5 37. hxg5 hxg5 38. Qe3 Nc5 39. Qd4 Kg7 40. Qd5 (40. g3 $17) 40... Qe6 $19 41. Qd4 Kh7 (41... Ne4 $19 42. Nc6+ Kg6 43. Nxa7 Nf6) 42. Nf3 $17 {[#]} Qe7 (42... Kg6 $1 $17 43. Ne5+ Kh6) 43. Qd5 $15 Qf6 44. Ne5 ({White should try} 44. Nd4 $15) 44... Qe6 45. Qd4 g4 46. Kf1 Ne4 47. Kg1 $2 {[#]} (47. Ke2 {might work better.}) 47... Qd6 $1 $19 {[%cal Rd6d4]} 48. Qd5 (48. Qxd6 {is the only way for White.} Nxd6 49. Kf2) 48... Qxd5 49. cxd5 {[%mdl 4096] Endgame KN-KN} Kg7 50. Nc6 a5 51. Ne7 Kf6 52. Nc8 b5 53. d6 Ke6 54. Kf1 Nxd6 55. Nb6 Nc4 {Accuracy: White = 60%, Black = 76%.} 0-1

[Event "80e Noteboomtoernooi Open 2020"]
[Site "Leiden"]
[Date "2020.03.01"]
[Round "5.3"]
[White "Van Ketel, Raoul"]
[Black "Pijpers, Arthur"]
[Result "0-1"]
[WhiteElo "2224"]
[BlackElo "2470"]
[Annotator "TA"]
[PlyCount "74"]
[EventDate "2020.02.28"]
[EventType "swiss"]
[EventCountry "NED"]
[SourceTitle "playchess.com"]
[Source "ChessBase"]
[SourceQuality "1"]

{[%evp 11,74,23,29,33,21,28,31,26,39,8,40,32,31,27,50,27,36,18,49,45,36,44,106,4,66,41,112,104,173,159,202,141,153,175,176,166,143,118,144,129,191,0,0,0,0,0,19,0,0,-37,-35,-182,-125,-189,-182,-262,-264,-254,-264,-259,-245,-226,-13,-2441,-1056]} 1. d4 Nf6 2. c4 g6 3. Nc3 Bg7 4. e4 d6 5. Nge2 O-O 6. Ng3 h5 7. Be2 {E70: King's Indian: Miscellaneous lines with 4 e4, including 5 Nge2 and 5 Bd3 0-0 6 Nge2.} h4 8. Nf1 b5 9. cxb5 {White is slightly better.} a6 10. e5 Nh7 11. Bf3 Ra7 12. Qa4 Nd7 {[#]} 13. Be3 $146 (13. e6 $5 {[%cal Re6d7]} Nb6 14. exf7+ Rxf7 15. Qc2 $14) ({Predecessor:} 13. e6 fxe6 14. Be3 Nb6 15. Qc2 Rf5 16. Be4 axb5 17. g4 hxg3 18. Nxg3 {½-½ (18) Emelyanov,M (2543)-Le Page,C (2415) ICCF email 2017}) 13... Nb6 14. Qb3 Be6 15. d5 $36 {[%mdl 2048] White is pushing.} Bf5 16. a4 {Hoping for a5.} Bxe5 (16... dxe5 $14 17. a5 axb5) 17. Nd2 ({White should try} 17. a5 $16 axb5 18. Ra3 (18. Qxb5 Qa8 $15) (18. Nxb5 Ra6 $16)) 17... axb5 (17... Qa8 $11) 18. Nxb5 $14 Ra6 (18... Ra5 $14) 19. O-O $16 e6 (19... Nd7 $16 {is a better defense.}) 20. Rfc1 $18 Na8 21. Nc4 Ng5 22. Nxe5 dxe5 23. Bxg5 Qxg5 24. Nxc7 Nxc7 25. Rxc7 Qf4 (25... e4 $16 {was called for.}) 26. Qe3 $2 (26. Rc6 $18 Ra5 27. g3 (27. dxe6 Bxe6 28. Qc2 Bf5 $14) 27... hxg3 28. hxg3) 26... Rxa4 $11 27. Rxa4 Qxa4 28. d6 Rd8 29. h3 {Black must now prevent Qg5.} Qd4 30. Qg5 (30. d7 $5 Rxd7 31. Rxd7 Qxd7 32. Qxe5 $11) 30... Qxd6 31. Rb7 ({White should play} 31. Rc4 $15) 31... e4 ({Better is} 31... Rc8 $1 $19 32. Rb3 Qd4) 32. Qf6 (32. Be2 $17) 32... Rf8 $1 $19 33. Be2 (33. Bg4 $142) 33... Qd2 34. Bf1 e3 $1 {[%cal Re3f2]} 35. fxe3 Qxe3+ 36. Kh2 {[#]} Qf2 $2 (36... Qg3+ $1 $19 37. Kg1 Bxh3) 37. Bc4 $2 {[%mdl 8192]} (37. Rb4 $11 Qg3+ 38. Kg1) 37... Qf4+ {Black used his chance. Accuracy: White = 50%, Black = 53%.} (37... Qg3+ $142 38. Kg1 {[#]} Be4 $1 {[%mdl 576] Double Attack}) 0-1

[Event "80e Noteboomtoernooi Open 2020"]
[Site "Leiden"]
[Date "2020.03.01"]
[Round "5.4"]
[White "Tabak, Stefan"]
[Black "Solodovnichenko, Yuri"]
[Result "0-1"]
[WhiteElo "2100"]
[BlackElo "2567"]
[Annotator "TA"]
[PlyCount "80"]
[EventDate "2020.02.28"]
[EventType "swiss"]
[EventCountry "NED"]
[SourceTitle "playchess.com"]
[Source "ChessBase"]
[SourceQuality "1"]

{[%evp 9,80,0,8,0,9,0,6,-2,9,-3,-2,-8,4,-10,-8,-18,-19,-17,-9,-19,0,0,0,-8,29,-54,-46,-63,-58,-51,-54,-52,-60,-52,-55,-54,-47,-58,-58,-85,-91,-173,-178,-177,-187,-179,-199,-492,-489,-531,-450,-452,-324,-506,-487,-462,-509,-556,-438,-399,-397,-455,-363,-422,-363,-595,-595,-588,-588,-29985,-29986,-29986,-29987]} 1. c4 e5 2. Nc3 d6 3. e4 Nc6 4. g3 Nge7 5. Bg2 Nd4 6. d3 {B07: Pirc Defence: Miscellaneous Systems.} Nec6 {[#]} 7. h3 $146 ({Predecessor:} 7. Be3 Be7 8. Nge2 Bg4 9. O-O Bxe2 10. Nxe2 Nxe2+ 11. Qxe2 O-O 12. f4 exf4 13. Rxf4 {0-1 (25) Meyer,C (1604)-Riedl,M (1667) Moembris 2003}) 7... Nb4 {[#] And now ...Nbc2+ would win.} 8. Rb1 {The position is equal.} Be7 9. Nge2 Nbc2+ 10. Kf1 O-O 11. Nxd4 (11. b4 {is interesting.} Bd7 12. Rb2 Nxe2 13. Nxe2 Nd4 14. Nxd4 exd4 15. h4) 11... Nxd4 12. Ne2 Nxe2 13. Qxe2 Be6 14. Kg1 Qd7 15. Kh2 c6 16. Be3 d5 17. Rbd1 (17. cxd5 $11 cxd5 18. d4) 17... d4 $1 $15 {[%cal Rd4e3]} 18. Bd2 b5 19. b3 a5 20. f4 {aiming for f5.} f6 21. a4 bxa4 22. bxa4 Rfb8 23. Rb1 Bb4 24. fxe5 {Black converts the advantage convincingly.} fxe5 25. Bf3 (25. Rbf1 $17) 25... c5 $19 ({Stronger than} 25... Bxh3 26. Bxb4 axb4 27. g4 $14) 26. Bg4 Bxg4 27. hxg4 Qxa4 {Threatens to win with ...Qa2.} 28. Bxb4 $2 (28. Bc1 {was called for.}) 28... cxb4 (28... axb4 $2 29. Rhf1 $19) 29. g5 Qd7 30. g6 hxg6 31. Kg2 (31. Kg1 $142 Rf8 32. Qh2) 31... Ra6 32. Qd2 Rf6 33. c5 Rbf8 34. Qa2+ Qf7 35. Qd5 Rf2+ ({Inferior is} 35... Re6 36. Rbf1 $11) 36. Kh3 Rc2 37. Qxe5 $2 (37. Rhc1 Rxc1 38. Rxc1) 37... Qd7+ 38. Kh4 Qd8+ 39. Kh3 Qc8+ {[%mdl 64] [#] Double Attack} 40. Kh4 Rxc5 {Accuracy: White = 57%, Black = 91%.} 0-1

[Event "80e Noteboomtoernooi Open 2020"]
[Site "Leiden"]
[Date "2020.03.01"]
[Round "6.1"]
[White "Solodovnichenko, Yuri"]
[Black "Van der Werf, Mark"]
[Result "1/2-1/2"]
[WhiteElo "2567"]
[BlackElo "2382"]
[Annotator "TA"]
[PlyCount "55"]
[EventDate "2020.02.28"]
[EventType "swiss"]
[EventCountry "NED"]
[SourceTitle "playchess.com"]
[Source "ChessBase"]
[SourceQuality "1"]

{[%evp 34,55,52,18,41,-6,44,48,49,0,0,0,0,0,0,0,0,0,0,0,0,-17,-14,-16]} 1. e4 e5 2. Nf3 Nc6 3. Bb5 a6 4. Ba4 Nf6 5. O-O Be7 6. Re1 b5 7. Bb3 d6 8. c3 O-O 9. h3 Re8 10. d4 Bb7 11. Ng5 Rf8 12. Nf3 Re8 13. Nbd2 Bf8 14. a3 h6 15. Bc2 Nb8 16. b4 Nbd7 17. Bb2 g6 18. Qb1 Rb8 {C93: Closed Ruy Lopez: Smyslov Variation.} 19. a4 Ba8 20. axb5 axb5 {[#] White is slightly better.} 21. dxe5 $146 (21. Bb3 {keeps more tension.} Bb7 22. Ra5 c6 23. Qa2 Qe7 24. c4) ({Predecessor:} 21. Ra5 c6 22. Qa2 exd4 23. cxd4 d5 24. Bc3 dxe4 25. Bxe4 Nb6 26. Ne5 Nfd5 27. Ndf3 Qc7 28. Qb3 Bb7 29. Bd2 {1-0 (47) Lanka,Z (2565)-Garbisu de Goni,U (2380) Mondariz 1997}) 21... dxe5 {The position is equal.} 22. Nb3 c5 23. bxc5 Nxc5 24. Nxc5 Bxc5 25. Ba3 Qb6 26. Bxc5 Qxc5 27. Bb3 Kg7 28. Re3 1/2-1/2

[Event "80e Noteboomtoernooi Open 2020"]
[Site "Leiden"]
[Date "2020.03.01"]
[Round "6.2"]
[White "Pijpers, Arthur"]
[Black "Schoppen, Casper"]
[Result "0-1"]
[WhiteElo "2470"]
[BlackElo "2489"]
[Annotator "TA"]
[PlyCount "64"]
[EventDate "2020.02.28"]
[EventType "swiss"]
[EventCountry "NED"]
[SourceTitle "playchess.com"]
[Source "ChessBase"]
[SourceQuality "1"]

{[%evp 30,64,16,21,21,21,22,21,21,10,22,0,0,0,12,-33,0,0,-11,-19,-1,-12,0,-14,-12,-39,-33,-77,-85,-75,-75,-135,-134,-120,-128,-129,-98]} 1. e4 e5 2. Nf3 Nc6 3. Bb5 a6 4. Ba4 Nf6 5. O-O Be7 6. Re1 b5 7. Bb3 d6 8. c3 O-O 9. h3 Nb8 10. d4 Nbd7 11. Nbd2 Bb7 12. Bc2 Re8 13. Nf1 Bf8 14. Ng3 g6 15. Bg5 h6 16. Bd2 exd4 {C95: Closed Ruy Lopez: Breyer Variation with 10 d4.} 17. cxd4 c5 18. d5 a5 {The position is equal.} 19. Qc1 Kh7 20. b3 Bg7 21. Rb1 b4 {[#]} 22. Nh4 $146 ({Predecessor:} 22. Bd3 a4 23. Bb5 axb3 24. axb3 Re7 25. h4 Ng4 26. h5 Nde5 27. Nxe5 Nxe5 28. Bf4 {0-1 (74) Della Morte,G (2363)-Real de Azua,E (2469) Villa Martelli 2016}) 22... Ng8 (22... Nxe4 $5 23. Rxe4 Rxe4 24. Nxg6 fxg6 25. Nxe4 Nf6 $11) 23. Nf3 Ba6 24. Be3 Ngf6 25. Qd1 Qe7 26. Nh4 Kg8 27. Qd2 Qf8 28. Nhf5 gxf5 29. Nxf5 Ne5 ({Much weaker is} 29... Nxe4 30. Bxe4 Rxe4 31. Bxh6 $11) 30. Nxh6+ ({White should play} 30. Bxh6 Bxh6 31. Nxh6+ Kh8 32. Qg5) 30... Kh8 $17 31. Nf5 Bc8 32. Ng3 Ng6 {Accuracy: White = 69%, Black = 94%.} 0-1